000 00675nam a2200277Ia 4500
005 20260324135901.0
008 008 260324s9999 xx 000 0 eng d
020 _a9780429479038
037 _aEBOOK
040 _aCRL
040 _beng
040 _cCRL
041 _2eng
041 _aeng
084 _qCRL
100 _aSue Johnson; Stanley Ruszczynski
_91202279
245 0 _aPsychoanalytic Psychotherapy in the Kleinian Tradition
260 _bTaylor and Francis
260 _c1999
365 _a
365 _b220
856 _uhttp://www.taylorfrancis.com/books/9780429479038
942 _cEBOOK
999 _c1803808
_d1803808